<?xml version="1.0" encoding="UTF-8"?>
<record
    xmlns:xsi="http://www.w3.org/2001/XMLSchema-instance"
    xsi:schemaLocation="http://www.loc.gov/MARC21/slim http://www.loc.gov/standards/marcxml/schema/MARC21slim.xsd"
    xmlns="http://www.loc.gov/MARC21/slim">

  <leader>01244nab a22002177a 4500</leader>
  <datafield tag="999" ind1=" " ind2=" ">
    <subfield code="c">5418</subfield>
    <subfield code="d">5418</subfield>
  </datafield>
  <controlfield tag="003">OSt</controlfield>
  <controlfield tag="005">20250321095510.0</controlfield>
  <controlfield tag="008">190502c        xxu||||| |||| 00| 0 spa d</controlfield>
  <datafield tag="040" ind1=" " ind2=" ">
    <subfield code="c">PJ</subfield>
  </datafield>
  <datafield tag="100" ind1=" " ind2=" ">
    <subfield code="a">Car&#xFA;s, Juan</subfield>
    <subfield code="9">6439</subfield>
  </datafield>
  <datafield tag="245" ind1="1" ind2="0">
    <subfield code="a">Defraudaci&#xF3;n inform&#xE1;tica (art. 173, inc. 16, C&#xF3;d. Penal) /</subfield>
    <subfield code="c">Juan Car&#xFA;s.</subfield>
  </datafield>
  <datafield tag="300" ind1=" " ind2=" ">
    <subfield code="a">p. 3-18</subfield>
  </datafield>
  <datafield tag="500" ind1=" " ind2=" ">
    <subfield code="a">Cita Online: AR/DOC/97/2025.</subfield>
  </datafield>
  <datafield tag="505" ind1=" " ind2=" ">
    <subfield code="a">Sumario: I. Bien jur&#xED;dico tutelado.&#x2014; II. &#xBF;Qu&#xE9; clase de delito es la defraudaci&#xF3;n inform&#xE1;tica?&#x2014; III. Tipo objetivo.&#x2014; IV. Consumaci&#xF3;n.&#x2014; V. Participaci&#xF3;n (complicidad primaria).&#x2014; VI. Encubrimiento.&#x2014; VII. Concursos.&#x2014; VIII. Casu&#xED;stica.&#x2014; IX. Cuestiones probatorias.&#x2014; X. Falta de acci&#xF3;n por reparaci&#xF3;n del da&#xF1;o.&#x2014; XI. Cuestiones de competencia.</subfield>
  </datafield>
  <datafield tag="505" ind1=" " ind2=" ">
    <subfield code="t">Fallo comentado:  CNFed. Crim. y Correc., sala I ~ 23/09/2024 ~ Maduro Moros, Nicol&#xE1;s s/ queja de la querella - recurso de queja N.&#xBA; 6.</subfield>
  </datafield>
  <datafield tag="505" ind1=" " ind2=" ">
    <subfield code="t">&#xBF;Te interesa el texto completo? Solicitalo al correo: koha@justierradelfuego.gov.ar</subfield>
  </datafield>
  <datafield tag="650" ind1=" " ind2="0">
    <subfield code="9">343</subfield>
    <subfield code="a">DERECHO PENAL</subfield>
  </datafield>
  <datafield tag="650" ind1=" " ind2="0">
    <subfield code="9">278</subfield>
    <subfield code="a">DELITOS INFORMATICOS</subfield>
  </datafield>
  <datafield tag="773" ind1="0" ind2=" ">
    <subfield code="0">2729</subfield>
    <subfield code="9">3180</subfield>
    <subfield code="d">Buenos Aires : LexisNexis,  2006-</subfield>
    <subfield code="t">Revista de derecho penal y procesal penal. N&#xBA; 3 - Marzo 2025</subfield>
    <subfield code="z">9875920622</subfield>
  </datafield>
  <datafield tag="942" ind1=" " ind2=" ">
    <subfield code="2">udc</subfield>
    <subfield code="c">ANA</subfield>
  </datafield>
</record>
